Marxismo, Democracia y Derechos Humanos

Detalles Bibliográficos
Autor principal: Fernǹdez Garca̕, Eusebio
Otros Autores: Paz Torres, Olga
Formato: eBook
Lenguaje:español
Publicado: Madrid : Dykinson, 2011
Materias:
Acceso en línea:Acceso restringido

MARC

LEADER 00000nam a22000007a 4500
005 20120808133655.0
007 cr|||| ||||
008 120808s2011 sp |||||s|||| 00||0 spa d
020 |a 978-84-15454-75-5 
035 |a 6326 
040 |a vLex 
090 |c 3356  |d 3356 
100 1 |a Fernǹdez Garca̕, Eusebio 
245 1 0 |a Marxismo, Democracia y Derechos Humanos  |h [Recurso electrn̤ico] /  |c Eusebio Fernǹdez Garca̕  
256 |a Servicio en ln̕ea 
260 |a Madrid :  |b Dykinson,  |c 2011 
300 |a 1 recurso electrn̤ico 
506 1 |a Contenido solo disponible en los productos indicados  |d vLex Global   |d vLex Global (Academic Edition, excluding Law Schools)   |d vLex Global (U.S. Academic Edition, Law Schools)   |d vLex Global (U.S. Academic Edition, excluding Law Schools)   |d vLex Global (Academic Edition, Law Schools)  
650 0 4 |a Marxismo 
650 0 4 |a Democracia 
650 0 4 |a Derechos humanos 
700 1 |a Paz Torres, Olga 
740 0 |a vLex Libros (Servicio en ln̕ea) 
856 4 0 |u http://vlex.com/source/obreros-comercio-analisis-historico-juridico-dependencia-mercantil-catalana-6326  |z Acceso restringido 
942 |c BOOK 
999 0 |a Democracy 
999 0 |a Marxisme 
999 0 |a Human rights